-ate Definitions Quiz Stats

 Plays Quiz not verified by Sporcle

Score 0/15 Timer 03:00
1 Play Today
% Correct
Donate
95.4%
Laminate
94.7%
Adequate
94.7%
Circumnavigate
94.5%
Irate
93.7%
Illegitimate
93.1%
Fate
91.4%
Magnate
91.2%
% Correct
Cate
89.3%
Tailgate
89%
Expropriate
88.5%
Prostrate
88.1%
Dictate
87.7%
Gyrate
85.9%
Narrate
82.9%

You're not logged in!

Compare scores with friends on all Sporcle quizzes.
OR
Log In

Show Comments

Extras

Top Quizzes Today


Score Distribution

Your Account Isn't Verified!

In order to create a playlist on Sporcle, you need to verify the email address you used during registration. Go to your Sporcle Settings to finish the process.

Report this User

Report this user for behavior that violates our Community Guidelines.

Details: